Neuorientierung für eine nachhaltige Landwirtschaft: ein Diskussionsbeitrag zur Lage der Landwirtschaft
| Corporate Authors: | ; |
|---|---|
| Format: | Print Book |
| Language: | German |
| Subito Delivery Service: | Order now. |
| Check availability: | HBZ Gateway |
| WorldCat: | WorldCat |
| Interlibrary Loan: | Interlibrary Loan for the Fachinformationsdienste (Specialized Information Services in Germany) |
| Published: |
Hannover Bonn
Kirchenamt der Evangelischen Kirche in Deutschland ; Sekretariat der Deutschen Bischofskonferenz
2003
Bonn Sekretariat der Dt. Bischofskonferenz 2003 |
| In: |
Gemeinsame Texte (18)
Year: 2003 |
| Series/Journal: | Gemeinsame Texte
18 |
| Standardized Subjects / Keyword chains: | B
Agriculture
/ Sustainable development
/ Ethics
B Agriculture / Environmental technology B Sustainable development |
| IxTheo Classification: | NCG Environmental ethics; Creation ethics |
| Further subjects: | B
Agriculture
Religious aspects
Christianity
|
| Online Access: |
Table of Contents |
| Sammlungen: |
MARC
| LEADER | 00000cam a2200000 c 4500 | ||
|---|---|---|---|
| 001 | 1175477540 | ||
| 003 | DE-627 | ||
| 005 | 20251225182300.0 | ||
| 007 | tu | ||
| 008 | 030612s2003 gw ||||| 00| ||ger c | ||
| 016 | 7 | |a 03B340470 |2 DE-101 | |
| 035 | |a (DE-627)1175477540 | ||
| 035 | |a (DE-576)105477540 | ||
| 035 | |a (DE-599)BSZ105477540 | ||
| 035 | |a (OCoLC)53409135 | ||
| 035 | |a (OCoLC)76559030 | ||
| 040 | |a DE-627 |b ger |c DE-627 |e rakwb | ||
| 041 | |a ger | ||
| 044 | |c XA-DE | ||
| 050 | 0 | |a BR115.A35 | |
| 082 | 0 | |a 261.56 | |
| 084 | |a 39 |2 sdnb | ||
| 084 | |a 1 |2 ssgn | ||
| 084 | |a BK 8250 |2 rvk |0 (DE-625)rvk/11967: | ||
| 084 | |a BL 8420 |2 rvk |0 (DE-625)rvk/12349: | ||
| 084 | |a BL 8040 |2 rvk |0 (DE-625)rvk/12320: | ||
| 084 | |a 11.62 |2 bkl | ||
| 084 | |a 48.00 |2 bkl | ||
| 245 | 0 | 0 | |a Neuorientierung für eine nachhaltige Landwirtschaft |b ein Diskussionsbeitrag zur Lage der Landwirtschaft |c mit einem Wort des Vorsitzenden der Deutschen Bischofskonferenz und des Vorsitzenden des Rates der Evangelischen Kirche in Deutschland. Herausgegeben vom Kirchenamt der Evangelischen Kirche in Deutschland und vom Sekretariat der Deutschen Bischofskonferenz |
| 264 | 1 | |a Hannover |a Bonn |b Kirchenamt der Evangelischen Kirche in Deutschland ; Sekretariat der Deutschen Bischofskonferenz |c 2003 | |
| 264 | 1 | |a Bonn |b Sekretariat der Dt. Bischofskonferenz |c 2003 | |
| 300 | |a 51 S. | ||
| 336 | |a Text |b txt |2 rdacontent | ||
| 337 | |a ohne Hilfsmittel zu benutzen |b n |2 rdamedia | ||
| 338 | |a Band |b nc |2 rdacarrier | ||
| 490 | 1 | |a Gemeinsame Texte |v 18 | |
| 583 | 1 | |a Archivierung/Langzeitarchivierung gewährleistet |f SSG |x XA-DE-BW |2 pdager |5 DE-21 | |
| 583 | 1 | |a Archivierung/Langzeitarchivierung gewährleistet |f PENI |x XA-DE-NI |2 pdager |5 DE-35 | |
| 650 | 0 | |a Agriculture |x Religious aspects |x Christianity | |
| 652 | |a NCG | ||
| 689 | 0 | 0 | |d s |0 (DE-588)4034402-2 |0 (DE-627)10625295X |0 (DE-576)209006692 |2 gnd |a Landwirtschaft |
| 689 | 0 | 1 | |d s |0 (DE-588)4326464-5 |0 (DE-627)131309382 |0 (DE-576)211272418 |2 gnd |a Nachhaltigkeit |
| 689 | 0 | 2 | |d s |0 (DE-588)4015602-3 |0 (DE-627)106335987 |0 (DE-576)208912614 |2 gnd |a Ethik |
| 689 | 0 | |5 (DE-627) | |
| 689 | 1 | 0 | |d s |0 (DE-588)4034402-2 |0 (DE-627)10625295X |0 (DE-576)209006692 |2 gnd |a Landwirtschaft |
| 689 | 1 | 1 | |d s |0 (DE-588)4061650-2 |0 (DE-627)106134957 |0 (DE-576)209140704 |2 gnd |a Umwelttechnik |
| 689 | 1 | |5 (DE-627) | |
| 689 | 2 | 0 | |d s |0 (DE-588)4326464-5 |0 (DE-627)131309382 |0 (DE-576)211272418 |2 gnd |a Nachhaltigkeit |
| 689 | 2 | |5 (DE-627) | |
| 710 | 2 | |0 (DE-588)2074266-6 |0 (DE-627)10384175X |0 (DE-576)19218430X |4 oth |a Evangelische Kirche in Deutschland |b Kirchenamt | |
| 710 | 2 | |0 (DE-588)1001564-4 |0 (DE-627)102974438 |0 (DE-576)191141542 |4 oth |a Katholische Kirche |b Deutsche Bischofskonferenz | |
| 830 | 0 | |a Gemeinsame Texte |v 18 |9 18 |w (DE-627)190360518 |w (DE-576)022101489 |w (DE-600)1285939-4 |7 am | |
| 856 | 4 | 2 | |u http://www.gbv.de/dms/goettingen/365746657.pdf |m V:DE-601 |m B:DE-7 |q pdf/application |x Verlag |y Inhaltsverzeichnis |3 Inhaltsverzeichnis |7 1 |
| 889 | |w (DE-627)365746657 | ||
| 935 | |a mteo |a JALB | ||
| 935 | |i mdedup | ||
| 936 | r | v | |a BK 8250 |b Umweltethik |k Theologie und Religionswissenschaften |k Theologische Ethik/Moraltheologie |k Spezielle Moraltheologie/Spezielle Ethik |k Grenzgebiete |k Umweltethik |0 (DE-627)1272462412 |0 (DE-625)rvk/11967: |0 (DE-576)202462412 |
| 936 | r | v | |a BL 8420 |b Landwirtschaft |k Theologie und Religionswissenschaften |k Christliche Gesellschaftslehre |k Wirtschaft |k Wirtschaftsethische Prinzipien |k Landwirtschaft |0 (DE-627)1270729799 |0 (DE-625)rvk/12349: |0 (DE-576)200729799 |
| 936 | r | v | |a BL 8040 |b Wirtschaftstheologie |k Theologie und Religionswissenschaften |k Christliche Gesellschaftslehre |k Wirtschaft |k Wirtschaftstheologie |0 (DE-627)1270729462 |0 (DE-625)rvk/12320: |0 (DE-576)200729462 |
| 936 | b | k | |a 11.62 |j Christliche Ethik |x Religionswissenschaft |0 (DE-627)10640380X |
| 936 | b | k | |a 48.00 |j Land- und Forstwirtschaft: Allgemeines |0 (DE-627)106423312 |
| 951 | |a BO | ||
| ELC | |b 1 | ||
| ITA | |a 1 |t 1 | ||
| LOK | |0 000 xxxxxcx a22 zn 4500 | ||
| LOK | |0 001 2427770795 | ||
| LOK | |0 003 DE-627 | ||
| LOK | |0 004 1175477540 | ||
| LOK | |0 005 20031016000000 | ||
| LOK | |0 008 031016||||||||||||||||ger||||||| | ||
| LOK | |0 040 |a DE-21 |c DE-627 |d DE-21 | ||
| LOK | |0 852 |a DE-21 | ||
| LOK | |0 852 1 |c 15 E 2682 |9 00 | ||
| LOK | |0 935 |a theo | ||
| LOK | |0 936ln |a t5.2 | ||
| LOK | |0 939 |a 16-10-03 |b l01 | ||
| LOK | |0 000 xxxxxcx a22 zn 4500 | ||
| LOK | |0 001 2427770817 | ||
| LOK | |0 003 DE-627 | ||
| LOK | |0 004 1175477540 | ||
| LOK | |0 005 20100408184502 | ||
| LOK | |0 008 030711||||||||||||||||ger||||||| | ||
| LOK | |0 040 |a DE-21-35 |c DE-627 |d DE-21-35 | ||
| LOK | |0 541 |e 97/434 | ||
| LOK | |0 852 |a DE-21-35 | ||
| LOK | |0 852 1 |c Me 3.081 |m p |9 00 | ||
| LOK | |0 938 |k p | ||
| LOK | |0 939 |a 11-07-03 |b l01 | ||
| LOK | |0 000 xxxxxcx a22 zn 4500 | ||
| LOK | |0 001 2911750683 | ||
| LOK | |0 003 DE-627 | ||
| LOK | |0 004 1175477540 | ||
| LOK | |0 005 20240905111431 | ||
| LOK | |0 008 160404||||||||||||||||ger||||||| | ||
| LOK | |0 040 |a DE-Tue135 |c DE-627 |d DE-Tue135 | ||
| LOK | |0 092 |o n | ||
| LOK | |0 852 |a DE-Tue135 | ||
| LOK | |0 852 1 |c 15 E 2682 |9 00 | ||
| LOK | |0 8564 |u http://www.dbk.de/veroeffentlichungen.html | ||
| LOK | |0 866 |x SPQUE#Johannes a Lasco Bibliothek | ||
| LOK | |0 935 |a ixdb |a ixmi |a JALB | ||
| LOK | |0 936ln |0 1442052988 |a NCG | ||
| LOK | |0 939 |a 04-04-16 |b l01 | ||
| ORI | |a SA-MARC-ixtheoa001.raw | ||
| REF | |a Sustainable agriculture | ||
| STA | 0 | 0 | |a Agriculture,Agricultural sector,Farming,Agriculture,Agriculture in art,Agriculture in literature,Environmental technology,Ethics,Ethics,Moral philosophy,Philosophical Ethics,Ethics,Sustainable development |
| STB | 0 | 0 | |a Agriculture,Durabilité,Technique environnementale,Éthique,Éthique,Morale,Morale,Morale |
| STC | 0 | 0 | |a Agricultura,Agricultura,Sustentabilidad,Tecnología del medio ambiente,Ética,Ética,Ética moderna |
| STD | 0 | 0 | |a Agricoltura,Etica,Etica,Sostenibilità,Tecnologia eco-sostenibile,Tecnologia verde,Tecnologia ambientale,Tecnologia verde,Tecnologia ambientale |
| STE | 0 | 0 | |a 伦理学,道德哲学,道德学,农业,可持续发展 |
| STF | 0 | 0 | |a 倫理學,道德哲學,道德學,可持續發展,環境科技,農業 |
| STG | 0 | 0 | |a Agricultura,Sustentabilidade,Tecnologia do meio ambiente,Ética,Ética |
| STH | 0 | 0 | |a Постоянство,Сельское хозяйство,Техника защиты окружающей среды,Этика (мотив),Этика |
| STI | 0 | 0 | |a Βιωσιμότητα,Αειφορία,Γεωργία,Ηθική (μοτίβο),Ηθική,Περιβαλλοντική τεχνολογία |
| SYG | 0 | 0 | |a Agrarwirtschaft,Agrarsektor,Landwirtschaftlicher Sektor , Nachhaltige Entwicklung,Langfristige Entwicklung,Sustainable Development,Dauerhafte Entwicklung,Zukunftsfähige Entwicklung , Ethics,Moral,Morality,Moralphilosophie,Tugend,Wertethik,Ethische Theorie,Moral,Philosophische Ethik,Sittenlehre,Moralphilosophie , Agrarwirtschaft,Agrarsektor,Landwirtschaftlicher Sektor , Technischer Umweltschutz,Umweltschutztechnik,Umwelttechnologie,Umweltschutztechnologie,Ingenieurökologie , Nachhaltige Entwicklung,Langfristige Entwicklung,Sustainable Development,Dauerhafte Entwicklung,Zukunftsfähige Entwicklung |